[Event "CAN-ch U10"]
[Site "Ottawa"]
[Date "2007.07.03"]
[Round "1"]
[White "Wang, Richard"]
[Black "Sharma, Pranav"]
[Result "1-0"]
[WhiteElo "1777"]
[BlackElo "1117"]
[PlyCount "65"]
[EventDate "2007.07.03"]
[EventType "swiss"]
[EventRounds "7"]
[EventCountry "CAN"]
[SourceTitle "EXT 2022"]
[Source "ChessBase"]
[SourceDate "2021.10.06"]
[SourceVersion "1"]
[SourceVersionDate "2021.10.06"]
[SourceQuality "1"]

1. d4 d5 2. Nf3 Nc6 3. e3 Nf6 4. b3 Bf5 5. Bb5 g6 6. Bb2 Bg7 7. Ne5 Bd7 8. Bd3 0-0 9. 0-0 Ne4 10. c4 Be6 11. f3 Nf6 12. cxd5 Nxd5 13. e4 Ne3 14. Qd2 Nxf1 15. Bxf1 Qd6 16. Nxc6 bxc6 17. Na3 c5 18. d5 Bxb2 19. Qxb2 Bd7 20. Nc4 Qf4 21. Qf2 Qf6 22. Rc1 Qg5 23. Rc2 Bb5 24. Qxc5 Bxc4 25. Bxc4 Qh4 26. Rc1 Qf4 27. Rc2 Qh4 28. Rc1 Qh6 29. Ba6 Rab8 30. Qxc7 Qe3+ 31. Kh1 Rb6 32. Bf1 a6 33. h3 1-0